Top 10 uczestników bitwy pod Grunwaldem - Statystyki

Ogólne statystyki
  • Ten quiz został rozwiązany 98 razy
  • Średni wynik to 4 z 11
Statystyki odpowiedzi
Top Odpowiedź % Poprawnych
Król Polski i wielki książę litewski Władysław Jagiełło
100%
Rycerz, starosta kruszwicki i spiski Zawisza Czarny
76%
Wielki Książę Litwy Witold
71%
Czeski wódz i wojownik, hetman Husytów Jan Żiżka
38%
Biskup krakowski, pierwszy polski kardynał Zbigniew Oleśnicki
33%
Pierwszy prymas Polski, arcybiskup gnieźnieński, arcybiskup halicki Mikołaj Trąba
24%
Książę warszawski Janusz Starszy
16%
Chan Złotej Ordy Dżalal ad-Din
13%
Górnośląski rycerz Petulin z Zimnej Wódki
11%
Marszałek wielki koronny, starosta krakowski Zbigniew z Brzezia
11%
Książę Nowogrodu Wielkiego i Mścisławia Semen Lingwen
10%
Nie znaleziono quizów pasujących do podanych kryteriów
Rozkład punktacji
Procent ludzi z każdym wynikiem
Percentyl według liczby udzielonych odpowiedzi
Twoja historia wyników
Nie rozwiązałeś tego quizu